00471nam a2200169 a 450000100060000000300090000600800410001502000150005604000280007108200150009910000200011424500640013426000310019830000200022965000300024965000220027919617CO-ViMGA141112s2004 ck r 000 u spa d a8449412528 aCO-ViMGAbspacCO-ViMGA04a780.9 M8531 aGispart, Carlos10aEl Mundo de la Música : bGrandes autores y grandes obras aBarcelona : boceano; 2002 a412 p. + CD Rom14aCOMPOSITORES - BIOGRAFIAS14aMUSICA - HISTORIA